LEADER 01423nam0-2200385-i-450- 001 990009783240403321 005 20131031145614.0 010 $a978-0-8218-7563-6$bpaperback 035 $a000978324 035 $aFED01000978324 035 $a(Aleph)000978324FED01 035 $a000978324 100 $a20131031d2012----km-y0itay50------ba 101 0 $aeng 102 $aUS 105 $aa---a---101yy 200 1 $aComputational and combinatorial group theory and cryptography$eAMS special session: Computational algebra, groups and applications, April 30-May 1, 2011, University of Nevada, Las vegas, NV$eMathematical aspects of cryptography and Cyber security, September 10-11, 2011, Cornell University, Ithaca, NY$fBenjamin Fine, Delaram Kahrobaei, Gerhard Rosenberger, editors 210 $aProvidence$cAmerican Mathematical Society$d2012 215 $aVII, 199 p.$d26 cm 225 1 $aContemporary mathematics$v582 610 0 $aTeoria dei gruppi e generalizzazioni 610 0 $aScienza del computer 676 $a512'.2 702 1$aFine,$bBenjamin 702 1$aKahrobaei,$bDelaram 702 1$aRosenberger,$bGerhard 801 0$aIT$bUNINA$gREICAT$2UNIMARC 901 $aBK 912 $a990009783240403321 952 $aC-1-(582$b63$fMA1 959 $aMA1 962 $a20-XX 962 $a68-XX 996 $aComputational and combinatorial group theory and cryptography$9832884 997 $aUNINA LEADER 03052nam 22005775 450 001 996465350303316 005 20220201193206.0 010 $a981-15-4584-7 024 7 $a10.1007/978-981-15-4584-9 035 $a(CKB)4100000011343598 035 $a(DE-He213)978-981-15-4584-9 035 $a(MiAaPQ)EBC6272301 035 $a(PPN)253256801 035 $a(EXLCZ)994100000011343598 100 $a20200713d2020 u| 0 101 0 $aeng 135 $aurnn#008mamaa 181 $ctxt$2rdacontent 182 $cc$2rdamedia 183 $acr$2rdacarrier 200 14$aThe Development of Deep Learning Technologies$b[electronic resource] $eResearch on the Development of Electronic Information Engineering Technology in China 205 $a1st ed. 2020. 210 1$aSingapore :$cSpringer Singapore :$cImprint: Springer,$d2020. 215 $a1 online resource (XIV, 58 p. 15 illus., 13 illus. in color.) 311 $a981-15-4583-9 320 $aIncludes bibliographical references. 327 $aChapter 1: Deep Learning: History and State-of-the-arts -- Chapter 2: Deep Learning Development Status in China -- Chapter 3: Future and Discussions. 330 $aThis book is a part of the Blue Book series ?Research on the Development of Electronic Information Engineering Technology in China,? which explores the cutting edge of deep learning studies. A subfield of machine learning, deep learning differs from conventional machine learning methods in its ability to learn multiple levels of representation and abstraction by using several layers of nonlinear modules for feature extraction and transformation. The extensive use and huge success of deep learning in speech, CV, and NLP have led to significant advances toward the full materialization of AI. Focusing on the development of deep learning technologies, this book also discusses global trends, the status of deep learning development in China and the future of deep learning. 606 $aArtificial intelligence 606 $aComputer science 606 $aComputer industry 606 $aArtificial Intelligence$3https://scigraph.springernature.com/ontologies/product-market-codes/I21000 606 $aPopular Computer Science$3https://scigraph.springernature.com/ontologies/product-market-codes/Q23000 606 $aThe Computer Industry$3https://scigraph.springernature.com/ontologies/product-market-codes/I24016 606 $aAsian Economics$3https://scigraph.springernature.com/ontologies/product-market-codes/W45010 607 $aAsia$xEconomic conditions 615 0$aArtificial intelligence. 615 0$aComputer science. 615 0$aComputer industry. 615 14$aArtificial Intelligence. 615 24$aPopular Computer Science. 615 24$aThe Computer Industry. 615 24$aAsian Economics. 676 $a016.403 801 0$bMiAaPQ 801 1$bMiAaPQ 801 2$bMiAaPQ 906 $aBOOK 912 $a996465350303316 996 $aThe Development of Deep Learning Technologies$91990828 997 $aUNISA LEADER 03002nam 22007213u 450 001 9910789418803321 005 20230330162522.0 010 $a1-4473-0215-X 010 $a1-84742-840-1 035 $a(CKB)2670000000095246 035 $a(EBL)726881 035 $a(OCoLC)738518405 035 $a(SSID)ssj0000522111 035 $a(PQKBManifestationID)12179971 035 $a(PQKBTitleCode)TC0000522111 035 $a(PQKBWorkID)10528438 035 $a(PQKB)10824160 035 $a(UtOrBLW)PPO00173 035 $a(MiAaPQ)EBC726881 035 $a(DE-B1597)646291 035 $a(DE-B1597)9781847428400 035 $a(EXLCZ)992670000000095246 100 $a20130418d2011|||| u|| | 101 0 $aeng 135 $aur|n|---||||| 181 $ctxt 182 $cc 183 $acr 200 10$aDown and out$b[electronic resource] $epoverty and exclusion in Australia 210 $aBristol, U.K. ;$aPortland, Ore. $cPolicy Press$d2011 215 $a1 online resource (292 p.) 225 1 $aStudies in Poverty, Inequality & Social Exclusion 300 $aDescription based upon print version of record. 311 $a1-84742-839-8 320 $aIncludes bibliographical references (p. 253-269) and index. 327 $aAcknowledgments; List of abbreviations; one; Introduction and overview; two; Income poverty; three; Beyond low income: economic resources, financial hardship and poverty; four; Experiencing poverty: the voices of poverty and disadvantage; five; Identifying the essentials of life; six; Measuring deprivation; seven; A new poverty measure; eight; Defining social exclusion and the social inclusion agenda; nine; Identifying social exclusion; ten; Conclusions and implications; References; Index 330 $aDrawing on the author's extensive research expertise and his links with welfare practitioners , this landmark study provides the first comprehensive assessment of the nature and associations between the three main forms of social disadvantage in Australia: poverty, deprivation and social exclusion. 410 0$aStudies in Poverty, Inequality & Social Exclusion. 606 $aAustralia -- Economic conditions 606 $aIncome distribution -- Australia 606 $aPoverty -- Australia 606 $aPoverty$zAustralia 606 $aPoor$zAustralia 606 $aMarginality, Social$zAustralia 606 $aBusiness & Economics$2HILCC 606 $aEconomic History$2HILCC 615 4$aAustralia -- Economic conditions. 615 4$aIncome distribution -- Australia. 615 4$aPoverty -- Australia. 615 0$aPoverty 615 0$aPoor 615 0$aMarginality, Social 615 7$aBusiness & Economics 615 7$aEconomic History 676 $a362.50994 700 $aSaunders$b Peter$f1950 August 30-$0107477 801 0$bAU-PeEL 801 1$bAU-PeEL 801 2$bAU-PeEL 906 $aBOOK 912 $a9910789418803321 996 $aDown and out$93789605 997 $aUNINA